00908nam a2200241 a 450000100100000000500170001000800410002702000150006804000250008308200210010810000380012924500750016726000560024230000300029850000340032850000430036260000370040565100370044265000420047904900090052195201190053099900170064900001684320240306073909.0100310s2004 cu c 000 0 spa d a9590606849 aDO-SdBNPbspacBNPHU a923.27291bM378T1 aToledo Sande, Luis,d1950-92071210aCesto de llamas :bbiografía de José Martí /cLuis Toledo Sande. aLa Habana :bEditorial de Ciencias Sociales,c2004. a221 p. :bretr. ;c22 cm. aIncluye índice onomástico aIncluye datos biográficos del autor.10aMartí, José,d1853-18959645 4aCubaxHistoriay1878-1895916132 4aLibertadoresxAmérica latina937295 aBNPD 001050718MOaPDbPDcCTd2010-03-10iLF1l0o923.27291 M378Tp16843-10r2020-06-25w2020-06-25y1ZNo se presta c16375d16375